00473nam a2200157Ia 450000500170000000800410001702000180005808200200007610000200009624501100011626000340022630000200026065000090028065000140028965000120030320260122095510.0260121s9999||||xx |||||||||||||| ||und|| a9781032274911 a346.048095bLIU aLiu, Kung-Chung 0aIP laws and regimes in major Asian economies :bcombing through thousand threads of IP to peace in Asia / aNew York :bRoutledge,c2023. axv, 238 p.; pbk aAsia aEconomics aIP laws